000 00809nam a2200229Ii 4500
003 JO-AjNU
008 230605s9999||||xx |||||||||||||| ||und||
017 _a2013/11307
020 _a978-99958-68-09-3
040 _aJO-AjNU
_bara
_erda
_cJO-AjNU
041 _aara
050 1 4 _ak5015.4.2013
100 3 _a محمود، ضاري خليل,
_eauthor
_953000
245 0 0 _aتطبيقات في القانون العام : القانون الجنائي
250 _aط2
264 3 1 _aالبحرين : جامعة البحرين ، 2013
300 _a357ص
_bيشتمل على مراجع ببلوغرافية ص (343-349)
336 _atext
_btxt
_2rdacontent
337 _aunmediated
_bn
_2rdamedia
338 _avolume
_bnc
_2rdacarrier
650 4 _aالقانون الجنائي -- البحرين
_953001
999 _aA23511
_c27079
_d27079